Miesto a význam poľnohospodárstva v štruktúre slovenskej ekonomiky
Poľnohospodárstvo ako tradičný sektor slovenského hospodárstva. Vývoj slovenského poľnohospodárstva koncom 20. a začiatkom 21. storočia. Slovensko po vstupe do Európskej únie. Poľnohospodárstvo Slovenska v súčasnosti.
Saved in:
| Main Author: | |
|---|---|
| Format: | Book Chapter |
| Language: | Slovak |
| Subjects: | |
| Tags: |
No Tags, Be the first to tag this record!
|
MARC
| LEADER | 00000nla a2200000 4500 | ||
|---|---|---|---|
| 001 | 0195785 | ||
| 005 | 20240502073306.3 | ||
| 041 | 0 | |a slo | |
| 044 | |a SK | ||
| 245 | 1 | 0 | |a Miesto a význam poľnohospodárstva v štruktúre slovenskej ekonomiky |c Hana Poláčková |
| 520 | |a Poľnohospodárstvo ako tradičný sektor slovenského hospodárstva. Vývoj slovenského poľnohospodárstva koncom 20. a začiatkom 21. storočia. Slovensko po vstupe do Európskej únie. Poľnohospodárstvo Slovenska v súčasnosti. | ||
| 610 | 2 | 0 | |a poľnohospodárstvo |
| 610 | 2 | 0 | |a výroba poľnohospodárska |
| 610 | 2 | 0 | |a potraviny |
| 610 | 2 | 0 | |a zamestnanosť |
| 610 | 2 | 0 | |a história |
| 610 | 2 | 0 | |a Slovensko |
| 100 | 1 | |a Poláčková, Hana, 1968- | |